[Event "FRA-ch op-A"]
[Site "Val d'Isere"]
[Date "2002.08.??"]
[Round "4.2"]
[White "Coudrec, Christophe"]
[Black "Jablonski, Noham"]
[Result "0-1"]
[WhiteElo "2103"]
[BlackElo "2182"]
[PlyCount "62"]
[EventDate "2002.08.20"]
[EventType "swiss"]
[EventRounds "11"]
[EventCountry "FRA"]
[SourceTitle "EXT 2003"]
[Source "ChessBase"]
[SourceDate "2002.11.25"]
[SourceVersion "1"]
[SourceVersionDate "2002.11.25"]
[SourceQuality "1"]

1. d4 d5 2. c4 e6 3. Nc3 Bb4 4. Nf3 Nf6 5. cxd5 exd5 6. Bg5 Nbd7 7. e3 c5 8. Be2 Qa5 9. 0-0 Bxc3 10. Bxf6 Nxf6 11. bxc3 c4 12. Qc2 0-0 13. Nd2 Re8 14. Bf3 Bd7 15. Rfc1 Kh8 16. h4 Re7 17. g3 Rae8 18. Bg2 b5 19. a3 Qc7 20. Re1 a6 21. Nf3 Ne4 22. Ng5 Nxg5 23. hxg5 Qd6 24. Qe2 Qg6 25. Bxd5 Qxg5 26. Bf3 Bf5 27. Kg2 Re6 28. Rh1 Bd3 29. Qd2 Rf6 30. Rh4 Rxf3 31. Kxf3 Qd5+ 0-1